00283nam a2200133Ia 45000030006000000080041000060400015000471000017000622450021000792500011001002600009001115460012001200050017001320STCL150530s9999 xx 000 0 und d aSTCLcSTCL aReena Mather aAnimal behaviour aSecond c1999 aEnglish20220125170451.0